000
00199nam a2200085 4500
001
1255235
005
20251208132927.0
245
_a
MEVLANA'DAN MASALLAR
_c
EMİNE EROĞLU
260
_b
TİMAŞ YAYINLARI
999
_c
1255235
_d
1255235